Black Africans in renaissance Europe (Record no. 35965)

MARC details
000 -LEADER
fixed length control field 00702nam a2200181 a 4500
008 - FIXED-LENGTH DATA ELEMENTS--GENERAL INFORMATION
fixed length control field 090319s2005 ||||||||||||||||| || u
020 ## - INTERNATIONAL STANDARD BOOK NUMBER
International Standard Book Number 9780521815826
050 ## - LIBRARY OF CONGRESS CALL NUMBER
Classification number D 233.2 Bla
100 ## - MAIN ENTRY--PERSONAL NAME
Personal name Earle, T. F. (Thomas Foster)
245 10 - TITLE STATEMENT
Title Black Africans in renaissance Europe
Statement of responsibility, etc. edited by T. F. Earle and K. J. P. Lowe
260 ## - PUBLICATION, DISTRIBUTION, ETC.
Place of publication, distribution, etc. Cambridge
Name of publisher, distributor, etc. Cambridge University P
Date of publication, distribution, etc. 2005
300 ## - PHYSICAL DESCRIPTION
Extent xvii, 417p.: ill
350 ## - PRICE (NR) (BK AM CF MU VM SE) [OBSOLETE]
Price 0.00
650 #0 - SUBJECT ADDED ENTRY--TOPICAL TERM
Topical term or geographic name entry element AFRICA--HISTORY
650 ## - SUBJECT ADDED ENTRY--TOPICAL TERM
Topical term or geographic name entry element BLACKS--EUROPE--HISTORY--TO 1500
700 ## - ADDED ENTRY--PERSONAL NAME
Personal name Lowe, K. J. P
995 ## - RECOMMENDATION 995 [LOCAL, UNIMARC FRANCE]
-- 0.00
-- CBU-MAIN LIBRARY (Kitwe)
-- 1
-- 0.00
-- 1
-- AVAILABLE
-- May 14, 2009
-- Main Library Open Access Collection
Holdings
Withdrawn status Lost status Source of classification or shelving scheme Damaged status Not for loan Home library Current library Shelving location Date acquired Total Checkouts Full call number Barcode Date last seen Price effective from Koha item type
          CBU-MAIN LIBRARY, KITWE. CBU-MAIN LIBRARY, KITWE.   11/30/2022   D 233.2 Bla 739975 11/30/2022 11/30/2022 MONOGRAPH